| 000 | 02307nam a2200349 i 4500 | ||
|---|---|---|---|
| 999 |
_c65534 _d65534 |
||
| 001 | 768714001 | ||
| 003 | CO-MdFUSB | ||
| 005 | 20200526174031.0 | ||
| 007 | ta | ||
| 008 | 200325t2004 -us |||| |||| 00| 0 eng d | ||
| 020 | _a9781565637658 | ||
| 040 |
_aCO-MdFUSB _bspa _cCO-MdFUSB _dCO-MdFUSBC _erda |
||
| 041 | _aeng | ||
| 082 |
_223 _a230.041 _bF929 |
||
| 245 | 1 |
_aFrom prophecy to testament : _bThe function of the Old Testament in the New. _c/ editado por Craig A. Evans, |
|
| 264 | 1 |
_aEstados Unidos : _bHendrickson Publishers, _c[2004] |
|
| 264 | 4 | _c© 2004 | |
| 300 |
_a280 pàginas _c; 24 cm |
||
| 336 |
_2rdacontent _atexto _btxt |
||
| 337 |
_2rdamedia _asin mediación _bn |
||
| 338 |
_2rdacarrier _avolumen _bnc |
||
| 500 | _aColección Dawn Christina Harrell | ||
| 505 | _aDe la profecía al Testamento: una introducción / Craig A. Evans. -- De la paráfrasis aramea al Testamento riego / Bruce Chilton. -- El salterio arameo y el Nuevo Testamento: alabando al Señor en la historia y la profecía / Craig A. Evans. -- Emanuel: virgen -- ¿Texto a prueba de nacimiento o advertencia programática de lo que vendrá (Isa 7:14 en Mateo 1:23)? / Rikki E. Watts. -- Los Evangelios y el texto de la Biblia hebrea: Miqueas 5: 1 (Mateo 2: 6) en Diatessaron de Tatian / Robert F. Shedinger. -- Torá, vida y salvación: Levítico 18: 5 a principios El judaísmo y el Nuevo Testamento / Simon J. Gathercole. -- El significado de los signos en Lucas 7: 22-23 a la luz de Isaías 61 y el Apocalipsis Mesiánico / Michael Labahn. -- Nadie ha visto a Dios: crítica revisionista en el Cuarto Evangelio / AJ Droge. -- El Festival de las Semanas y la historia de Pentecostés en Hechos 2 / James C. VanderKam. -- El discurso de Stephen (Hechos 7) en su contexto exegético / James L Kugel. -- Agar entre Génesis y Gálatas: el camino pedregoso hacia la libertad / Brigitte Kahl. -- La culpabilidad de Eva: del Génesis a Timoteo / Gary A. Anderson. -- De la profecía al testamento: un epílogo / James A. Sanders. | ||
| 563 | _aRústico | ||
| 630 | 0 | 7 |
_aBiblia. _pNuevo Testamento |
| 630 | 0 | _aEl Antiguo Testamento en el Nuevo Testamento | |
| 650 | 7 |
_9320 _aTeología bíblica |
|
| 700 |
_9437 _aEvans, Craig A. _d1952- _eeditor |
||
| 942 | _cBK | ||
| 945 | _aJTF-925 | ||